000 00426nam a2200169Ia 4500
008 221030s9999 xx 000 0 und d
020 _a8174937985
041 _aEnglish
082 _a105.23
_bPat
100 _aB. Pattanayak
245 0 _aOrganisational Development Skills for Competitive Edge
260 _bHimalaya Pub House
_aMeerut
_c2000
300 _a111
650 _aManagement
700 _aS. Ravishankar
942 _cBK
999 _c4
_d4